|
|
|
|
| LEADER |
01121nam a2200241 a 4500 |
| 001 |
010176429-4 |
| 008 |
091220s2004 bg e i 0 eng d |
| 020 |
|
|
|a 9843215931 (hbk.)
|
| 082 |
0 |
0 |
|a 301.295492
|2 22
|
| 040 |
|
|
|a EQO
|c EQO
|d TOZ
|c BD-DhAAL
|
| 100 |
1 |
|
|a Rabbani, Fazle,
|d 1972-
|
| 245 |
1 |
0 |
|a Atlas of the languages and ethnic communities of Chittagong Hill Tracts /
|c Fazle Rabbani.
|
| 260 |
|
|
|a Dhaka, Bangladesh :
|b UNESCO,
|c 2004.
|
| 300 |
|
|
|a 1 atlas (98 p.) :
|b [47] maps ;
|c 26 cm.
|
| 504 |
|
|
|a Includes bibliographical references and index.
|
| 541 |
1 |
|
|e 00015650
|
| 650 |
|
0 |
|a Ethnology
|z Bangladesh.
|
| 650 |
|
0 |
|a Tribes
|z Bangladesh
|z Chittagong Hill Tracts (District)
|
| 650 |
|
0 |
|a Ethnology
|z Bangladesh
|z Chittagong Hill Tracts (Region)
|v Maps.
|
| 651 |
|
0 |
|a Chittagong Hill Tracts (Bangladesh : Region)
|x Languages
|v Maps.
|
| 852 |
4 |
|
|a Ayesha Abed Library
|j General Shelf.
|
| 999 |
|
|
|c 6270
|d 6270
|
| 952 |
|
|
|0 0
|1 0
|2 ddc
|4 0
|6 301_295492000000000_RAB_2004
|7 0
|9 6308
|a BRACUL
|b BRACUL
|c GEN
|d 2009-12-21
|g 0.00
|l 0
|o 301.295492 RAB
|p 3010015650
|r 2009-12-21
|t 1
|w 2009-12-21
|y BK
|x No price found in the accession register.
|